Quizzes
Events
Quiz Creation
Community
Videos
Private Events
Remove Ads
Sign In
Join for FREE
Feedback
Dark Mode
Quiz Categories
Sports
Geography
Music
Movies
Television
Just For Fun
Miscellaneous
History
Literature
Language
Science
Gaming
Entertainment
Religion
Holiday
For Kids
Quiz Lab
Recent
Popular Today
Quiz Kudos Today
Editor Picks
Curator Picks
Quizzes by...
Day
Popularity
Type
Ratings
Length
Year
Community
Subscriptions
Recent Discussions
Orange Saloon
Badges
Playlists
Quests
Create
Leaderboards
Showdown
Live 5
Trivia Bingo
Activity
Puzzle Library
Sporcle Events
Private Events
Virtual Trivia
Globe League
Become a Host
Pub Owners
SporcleCon
Opinionation
Our Games
Videos
Blog
Mobile Apps
Partnerships
Remove Ads and Go Orange
Feedback
Music
Pop Music
The Beatles
Song
Album
Lyrics
Bands
Singers
Artist
Clip
Rock
Rap
Classical
Billboard
Country Music
Kpop
Taylor Swift
Music
Pop Music
The Beatles
Song
Album
Lyrics
Bands
Singers
Artist
Clip
Rock
Rap
Classical
Billboard
Country Music
Kpop
Taylor Swift
Random Quiz
Search Sporcle
×
Quiz Lab
Quiz Lab
Music
Song
Type in answers that appear in a list
Type in answers that appear in a list
Classic
Best Score? Go Orange.
Simon & Garfunkel songs by missing lyrics Stats
Can you name the Simon & Garfunkel song title missing from the lyrics?
By
ThePuzzler
5m
20 Questions
114 Plays
114 Plays
114 Plays
Comments
Comments
Give Quiz Kudos
Give Quiz Kudos
-
- Ratings
hide this ad
Replay
Link that replays current quiz
Next Quiz
Link to next quiz in quiz playlist
You Got
0%
They Got
Avg Score
70%
Avg Friend Score
Upgrade to see
Score Distribution
Jump to the score distribution portion of the page
Score
0/20
Timer
05:00
0
Plays Today
Hint
Answer
% Correct
And here’s to you, _
_
_
_
_
_
_
_
_
_
/
Jesus loves you more than you will know, wo wo wo.
Mrs Robinson
97.4%
Are you going to _
_
_
_
_
_
_
_
_
_
/
Parsley, sage, rosemary and thyme?
Scarborough Fair
93.9%
When my eyes were stabbed by the flash of a neon light/
That split the night/
And touched _
_
_
_
_
_
_
_
_
_
The Sound of Silence
92.1%
On a freshly fallen, silent shroud of snow/
_
_
_
_
_
_
_
_
_
_
/
I am an island.
I Am a Rock
89.5%
The movies and the factories/
And every stranger’s face I see/
Reminds me that I long to be _
_
_
_
_
_
_
_
_
_
.
Homeward Bound
88.6%
When times get rough/
And friends just can’t be found/
Like a _
_
_
_
_
_
_
_
_
_
/
I will lay me down.
Bridge Over Troubled Water
88.6%
So we bought a pack of cigarettes and Mrs. Wagner’s pies/
And walked off to look for _
_
_
_
_
_
_
_
_
_
.
America
85.1%
I look around/
Leaves are brown/
And the sky is _
_
_
_
_
_
_
_
_
_
.
A Hazy Shade of Winter
77.2%
Can you imagine us/
Years from today/
Sharing a park bench quietly?/
How terribly strange/
To be seventy/
_
_
_
_
_
_
_
_
_
_
.
Old Friends
72.8%
Someone told me/
It’s all happening _
_
_
_
_
_
_
_
_
_
/
I do believe it/
I do believe it’s true.
At The Zoo
68.4%
Hint
Answer
% Correct
Here is my _
_
_
_
_
_
_
_
_
_
/
Ask me and I will play/
So sweetly, I’ll make you smile.
Song for the Asking
64%
But she faded in the night/
Like a poem I meant to write/
And the _
_
_
_
_
_
_
_
_
_
turn to brown.
Leaves That Are Green
62.3%
Hey, let your honesty shine, shine, shine/
Like it shines on me/
_
_
_
_
_
_
_
_
_
_
.
The Only Living Boy in New York
62.3%
The papers print his picture almost everywhere he goes/
_
_
_
_
_
_
_
_
_
_
at the opera/
_
_
_
_
_
_
_
_
_
_
at a show.
Richard Cory
58.8%
And I was born one dark gray morn/
With music coming in my ears/
In my ears/
They call me _
_
_
_
_
_
_
_
_
_
.
Baby Driver
57.9%
And all the people said/
'What a shame that he’s dead/
But wasn’t he _
_
_
_
_
_
_
_
_
_
?'
A Most Peculiar Man
54.4%
_
_
_
_
_
_
_
_
_
_
/
When streams are ripe and swelled with rain.
April, Come She Will
53.5%
_
_
_
_
_
_
_
_
_
_
/
I can’t believe your song is gone so soon/
I barely learned the tune.
So Long, Frank Lloyd Wright
52.6%
Who will love a little _
_
_
_
_
_
_
_
_
_
/
Who’s traveled far and cries for rest?
Sparrow
45.6%
My thoughts are scattered and they’re _
_
_
_
_
_
_
_
_
_
/
They have no borders, no boundaries.
Cloudy
43.9%
Quiz Playlist
Details
Report
Send in Message
Add To Playlist
Classic:
Type in answers that appear in a list
Last Updated: Sep 18, 2017
Quiz Scoreboard
CHALLENGE
Sign Up to Join the Scoreboard
Show All
Scores
Hide
Comments
May contain spoilers
Recently Published
Billboard Blitz: Fleetwood Mac
by CooCooCachoo
Music
15s
Presidents Visiting Landmarks
by Hejman
History
7m
An Introduction to Baseball
by treessimontrees
Sports
5m
More to Explore
Quiz From the Vault
Featured Blog Post
Where Did the Easter Bunny Come From?
hide this ad
You Might Also Like...
Tags
Song Quiz
garfunkel
simon
Simon and Garfunkel
Today's Top Quizzes in Music
Browse Music
hide this ad
Today's Top Quizzes in Song
Browse Song
Top Contributed Quizzes in Music
1
Taylor Swift All Songs (2024)
2
Guess the Artist- 70s Songs
3
7-to-1: Billboard Hot 100 #1 Hits of 2010s
4
Sorting Albums and Songs
5
Taylor Swift Logic Puzzle
6
KPOP LOGIC QUIZ
7
One Thing in Common: Music
8
Guess the Taylor Swift song (Mystery Song)
9
2010s Album by Cover III
10
Guess The Taylor Swift Lyrics Song #1
Explore More
Trending Topics
Anime
Disney
Marvel
NBA
Kpop
Crossword
Harry Potter
Puzzle
NFL
Soccer
Pokémon
Song
Country
WWE
The Office
hide this ad
More By:
ThePuzzler
Quiz
Plays
Rating
Category
Featured
Created
Golden Girls comebacks
6,858
4.92
Television
Jul 25, 2013
Golden Girls quotes
3,659
4.59
Television
Jul 25, 2013
Roseanne comebacks
1,665
4.80
Television
Sep 28, 2014
Michael Myers weapons
1,476
4.60
Movies
Sep 29, 2014
West Wing: Bartlet states
1,417
2.50
Television
Dec 4, 2013
Go to Creator's Profile
Score Distribution
Quiz Creator Spotlight
ThePuzzler
Follow
Send a Message
Quizzes Created
-
Created Quiz Play Count
-
More By This Creator
Popular Quizzes Today
1
Find the US States - No Outlines Minefield
2
Find the Countries of Europe - No Outlines Minefield
3
The Countries of the World
4
Find the US States
5
Risky Map Clicking: Biggest States A-Z
6
US States
7
Popular People in 1961
8
Movies - When Are They Set?
More Music Quizzes
Country Singers by Last 3 Letters
Curator's Pick
Trending Quizzes
Risky Map Clicking: Least Populous States A-Z
1-10 Letter G Words
1-10 Letter F Words
Risky Map Clicking: Next State Alphabetically
Risky Map Clicking: Biggest States A-Z
Recently Updated
Leaping Animals
pecheneg
Reality TV Shows (A-Z)
bhenderson79
Rickey Henderson's Hall of Fame Teammates
pecheneg
Champions League XIs: Arsenal
pecheneg
Quick Pick: Celebrities in WWE's Hall of Fame
aduchscher
A-Z Keypad Blitz II
pecheneg
Multiple Oscar Actors
pecheneg
Mystery Phrase Blitz: Oscar 'Best Actors'
pecheneg
F. Scott Fitzgerald Novels
LTH
Pick 3 Villains
ddd62291
Trending Topics
Crossword
Harry Potter
Disney
Anime
NBA
Kpop
Marvel
Puzzle
Soccer
The Office
Pokémon
Country
Song
WWE
NFL
Your Account Isn't Verified!
In order to create a playlist on Sporcle, you need to verify the email address you used during registration. Go to your
Sporcle Settings
to finish the process.
Report this User
Report this user for behavior that violates our
Community Guidelines
.
Details:
Send Report
Go to the Sporcle.com Mobile Site →
Comments